000 00991nam a2200289Ia 4500
003 OSt
005 20221005042646.0
006 a|||||r|||| 00| 0
007 ta
008 221004b |||||||| |||| 00| 0 eng d
020 _a9781402055546 (hbk)
_c6455.65
024 _a97392
037 _b8463, 31/03/2009, Elite Publishers Distributors
_cTextual
040 _aCRL
_cCRL
_beng
041 _2eng
_aeng
082 _aA0zQ, P8
100 _aMeusburger Peter Ed.
_937583
245 0 _aClashes of knowledge
_b Orthodoxies and heterodoxies in science and religion
260 _aDordrecht
_bSpringer The Netherlands
_c2008
300 _aviii,230p.
_ccm.
490 _aKnowledge and space; 1
650 _aSCIENCE
700 _a Welker Michael Ed.
_9590716
700 _a Wunder Edgar Ed.
_9590717
942 _hA0zQ, P8
_cTEXL
_2cc
999 _c950625
_d950625